000 00204nam a22000977a 4500
041 _aeng
080 _a80
100 _aAdams, W. Royce
245 _aMaking Connections. Reading for Writers.
999 _c282014
_d282014
942 _cBK